Southville International School and Colleges
Your cart is empty.
  • Cart
  • Lists
    Public lists Eva Luna New books Lux_list list_1
    Your lists Log in to create your own lists
  • Log in to your account
  • Your cookies
  • Search history
Southville International School and Colleges
  • Advanced search
  • Recent comments
  • Most popular
  • Libraries

Log in to your account

Log in with GOOGLE


If you do not have an external account, but do have a local account, you can still log in:

  1. Home
  2. MARC view: 20,000 leagues under the sea /
Normal view MARC view ISBD view

20,000 leagues under the sea / (Record no. 103860)

[ view plain ]
MARC details
000 -LEADER
fixed length control field 00610nam a2200193 a 4500
005 - DATE AND TIME OF LATEST TRANSACTION
control field 20140412111309.0
008 - FIXED-LENGTH DATA ELEMENTS--GENERAL INFORMATION
fixed length control field 030415s19uu xx 00 eng d
020 ## - INTERNATIONAL STANDARD BOOK NUMBER
International Standard Book Number 1-896298-14-1
050 ## - LIBRARY OF CONGRESS CALL NUMBER
Classification number ER
Item number Tw91 1994
100 ## - MAIN ENTRY--PERSONAL NAME
Personal name Greene, Kim
245 ## - TITLE STATEMENT
Title 20,000 leagues under the sea /
Statement of responsibility, etc adapted by Kim Greene ; illustrated by Dan Nosella.
260 ## - PUBLICATION, DISTRIBUTION, ETC. (IMPRINT)
Place of publication, distribution, etc Ontario, Canada :
Name of publisher, distributor, etc Tribute Publishing Inc,
Date of publication, distribution, etc 1994.
300 ## - PHYSICAL DESCRIPTION
Extent 32 p. ; ill.
440 ## - SERIES STATEMENT/ADDED ENTRY--TITLE
Title The Pagemaster Classic Series
500 ## - GENERAL NOTE
General note Adapted from the novel by Jules Verne
650 ## - SUBJECT ADDED ENTRY--TOPICAL TERM
Topical term or geographic name as entry element Seas--Fiction
650 ## - SUBJECT ADDED ENTRY--TOPICAL TERM
Topical term or geographic name as entry element Adventures--Fiction
Holdings
Withdrawn status Lost status Damaged status Use restrictions Home library Current library Shelving location Date acquired Source of acquisition Total Checkouts Full call number Barcode Date last seen Price effective from Koha item type
        Elizalde Library Elizalde Library Easy Reading Section 04/15/2003     ER Tw91 1994 E6024 04/12/2014 04/12/2014 Books

20,000 leagues under the sea /

APA

Greene K., . (1994). 20,000 leagues under the sea. Ontario, Canada: Tribute Publishing Inc.

Chicago

Greene Kim, . 1994. 20,000 leagues under the sea. Ontario, Canada: Tribute Publishing Inc.

Harvard

Greene K., . (1994). 20,000 leagues under the sea. Ontario, Canada: Tribute Publishing Inc.

MLA

Greene Kim, . 20,000 leagues under the sea. Ontario, Canada: Tribute Publishing Inc. 1994.

  • Place hold
  • Print
  • Cite
  • Add to your cart (remove)
  • Save record
    BIBTEX Dublin Core MARCXML MARC (non-Unicode/MARC-8) MARC (Unicode/UTF-8) MARC (Unicode/UTF-8, Standard) MODS (XML) RIS
  • More searches
    Search for this title in:
    Other Libraries (WorldCat) Other Databases (Google Scholar) Online Stores (Bookfinder.com) Open Library (openlibrary.org)

Exporting to Dublin Core...

SOUTHVILLE LIBRARY

Southville International School and Colleges Library

1281 Tropical Ave. Cor. Luxembourg St., BF Homes International, Las Pinas City

Tel. No. 8256374 / 252358 Loc. 117/146

Powered by Koha